000 00487nam a2200181Ia 4500
003 GCL
008 140319s9999 xx 000 0 eng d
040 _aGCL /
_cGCL
082 0 4 _a332.992
_bO M
100 1 _aO'HARA, MAUREEN
245 1 0 _aMARKET MICROSTRUCTURE THEORY /
_cO'HARA, MAUREEN
260 _a[S.N] :
_bBLACKWELL PUBLISHERS ،
_c1995
300 _a290 P
650 0 4 _aECONOMICS
650 0 4 _aSECURITIES MATHEMATICAL MODELS
650 0 4 _aSTOCK - EXCHANGE
942 _2ddc
_cBK
999 _c20824
_d20824